000 00848nam a2200265 i 4500
001 27558
003 BD-RjUL
005 20211209051154.0
008 140325s1974 enkfh b 001 0 eng
020 _a090398315X :
035 _a(BD-RjUL)27632
040 _aDLC
_cDLC
_dDLC
_dBD-RjUL
_beng
041 _aeng
082 0 0 _a954.904
_bCHL 1974
100 1 _aChoudhury, G. W.
_q(Golam Wahed),
_d1926-
_96531
245 1 4 _aThe last days of united Pakistan /
_cG. W. Choudhury.
260 _aLondon :
_bC. Hurst,
_cc1974.
300 _axiv, 239 p., [2] p. of plates :
_bill., 2 facsims. ;
_c23 cm.
504 _aIncludes bibliographical references and index.
651 0 _aPakistan
_xPolitics and government.
_984645
651 0 _aBangladesh
_xPolitics and government.
_984646
942 _2ddc
_cBK
999 _c27558
_d27558